| Tag |
First Indicator |
Second Indicator |
Subfields |
| LEADER |
00000cam a2200000 a 4500 |
| 001 |
in00001470149 |
| 005 |
20151021051711.0 |
| 008 |
980715s1998 ne a 000 0 eng d |
| 010 |
|
|
|a 98034665
|
| 020 |
|
|
|a 0412824205 (acid-free paper)
|
| 035 |
|
|
|a (OCoLC)39532899
|
| 035 |
|
|
|9 AJE1279AM
|
| 040 |
|
|
|a DLC
|c DLC
|d TXA
|d UtOrBLW
|
| 049 |
|
|
|a TXAM
|
| 050 |
0 |
0 |
|a QE475.A2
|b W47 1998
|
| 082 |
0 |
0 |
|a 552/.4
|2 21
|
| 245 |
0 |
0 |
|a When continents collide :
|b geodynamics and geochemistry of ultrahigh-pressure rocks /
|c edited by Bradley R. Hacker, Juhn G. Liou.
|
| 264 |
|
1 |
|a Dordrecht ;
|a Boston :
|b Kluwer Academic Publishers,
|c [1998]
|
| 264 |
|
4 |
|c ©1998
|
| 300 |
|
|
|a x, 323 pages :
|b illustrations ;
|c 25 cm.
|
| 336 |
|
|
|a text
|b txt
|2 rdacontent
|
| 337 |
|
|
|a unmediated
|b n
|2 rdamedia
|
| 338 |
|
|
|a volume
|b nc
|2 rdacarrier
|
| 490 |
1 |
|
|a Petrology and structural geology ;
|v v. 10
|
| 504 |
|
|
|a Includes bibliographical references.
|
| 650 |
|
0 |
|a Metamorphism (Geology)
|
| 650 |
|
0 |
|a Metamorphic rocks.
|
| 650 |
|
0 |
|a High pressure (Science)
|
| 700 |
1 |
|
|a Hacker, Bradley R.
|
| 700 |
1 |
|
|a Liou, J. G.
|
| 830 |
|
0 |
|a Petrology and structural geology ;
|v v. 10.
|
| 948 |
|
|
|a c:pk
|
| 999 |
|
|
|a MARS
|
| 999 |
f |
f |
|s 1721a631-ea5e-3a16-a3a0-4437649ebf4a
|i f61d02ee-fcb4-3f1f-991c-5a8e58098556
|t 0
|
| 952 |
f |
f |
|p ric
|a Texas A&M University
|b Rellis Campus
|c Joint Library Facility
|s JLF
|d Remote Storage
|t 0
|e QE475.A2 W47 1998
|h Library of Congress classification
|i unmediated -- volume
|m A14824220360
|
| 998 |
f |
f |
|a QE475.A2 W47 1998
|t 0
|l Remote Storage
|